000 00765nam a2200253Ia 4500
003 OSt
005 20220926020942.0
006 a|||||r|||| 00| 0
007 ta
008 220923b |||||||| |||| 00| 0 eng d
020 _a0387952373
037 _cGeneral Book
040 _aRTL
_cRTL
_beng
041 _2eng
_aeng
082 _aU43:(G:5), P3
100 _aBerkowitz Alan R and others
_9325448
245 0 _aUnderstanding urban ecosystems
_b A new frontier for Science and Education
260 _aNew York
_bSpringer-Verlag
_c2003
300 _axxix, 523p
_ccm.
500 _aBibliography chapterwise
650 _aUrban Geography
942 _hU43:(G:5), P3
_cGB
_2CC
999 _c635306
_d635306